[Event "RUS-ch Blitz Women 2018"]
[Site "Sochi"]
[Date "2018.10.07"]
[Round "19"]
[White "Bodnaruk, Anastasia"]
[Black "Ambartsumova, Karina"]
[Result "1-0"]
[WhiteElo "2423"]
[BlackElo "2379"]
[Annotator "NA"]
[PlyCount "75"]
[EventDate "2018.10.07"]
[EventType "swiss"]
[EventCountry "RUS"]
[SourceTitle "playchess.com"]
[Source "ChessBase"]
[SourceQuality "1"]
[TimeControl "180+2"]

1. e4 {[%emt 0:00:00]} e5 {[%emt 0:00:00]} 2. Nf3 {[%emt 0:00:00]} Nc6 {[%emt 0:00:00]} 3. Bc4 {[%emt 0:00:01]} Bc5 {[%emt 0:00:02]} 4. b4 {[%emt 0:00:02]} Bxb4 {[%emt 0:00:23]} 5. c3 {[%emt 0:00:02]} Ba5 {[%emt 0:00:12]} 6. d4 $11 {[%emt 0:00:02]} exd4 {[%emt 0:00:16]} 7. O-O {[%emt 0:00:02]} d6 {[%emt 0:00:31]} 8. Qb3 {[%emt 0:00:13]} Qe7 {[%emt 0:00:21]} 9. cxd4 {[%emt 0:00:05]} Nf6 {[%emt 0:00:21]} 10. e5 {[%emt 0:00:22]} dxe5 {[%emt 0:00:19]} 11. Ba3 {[%emt 0:00:16]} Bb4 {[%emt 0:00:03]} 12. dxe5 {[%emt 0:00:13]} Ne4 {[%emt 0:00:18]} 13. Bxb4 {[%emt 0:00:42]} Qxb4 {[%emt 0:00:06]} 14. Bxf7+ {[%emt 0:00:17]} Ke7 {[%emt 0:00:01]} 15. Bd5 {[%emt 0:00:07]} Qxb3 {[%emt 0:00:11]} 16. axb3 {[%emt 0:00:01]} Nc5 {[%emt 0:00:02]} 17. Nc3 {[%emt 0:00:22]} Be6 {[%emt 0:00:02]} 18. Bxc6 {[%emt 0:00:15]} bxc6 {[%emt 0:00:01]} 19. b4 {[%emt 0:00:00]} Nb3 {[%emt 0:00:12]} 20. Ra4 {[%emt 0:00:09]} Rhd8 {[%emt 0:00:06]} 21. Ng5 {[%emt 0:00:07]} Bc4 {[%emt 0:00:03]} 22. Re1 {[%emt 0:00:02]} h6 {[%emt 0:00:02]} 23. Nge4 {[%emt 0:00:02]} a6 {[%emt 0:00:05]} 24. f4 {[%emt 0:00:05]} Nd4 {[%emt 0:00:04]} 25. Nc5 {[%emt 0:00:07]} Bb5 {[%emt 0:00:05]} 26. Ra2 {[%emt 0:00:03]} Bc4 {[%emt 0:00:01]} 27. Rf2 {[%emt 0:00:05]} Nb5 {[%emt 0:00:02]} 28. N3e4 {[%emt 0:00:06]} a5 {[%emt 0:00:02]} 29. bxa5 {[%emt 0:00:02]} Rd4 {[%emt 0:00:02]} 30. a6 Na7 {[%emt 0:00:04]} 31. f5 {[%emt 0:00:03]} Nc8 {[%emt 0:00:01]} 32. f6+ {[%emt 0:00:01]} gxf6 {[%emt 0:00:01]} 33. exf6+ {[%emt 0:00:01]} Kf7 {[%emt 0:00:01]} 34. Rf4 {[%emt 0:00:03]} Rd5 {[%emt 0:00:04]} 35. Rg4 {[%emt 0:00:03]} Nd6 {[%emt 0:00:02]} 36. Rg7+ {[%emt 0:00:02]} Kf8 {[%emt 0:00:02]} 37. Ne6+ {[%emt 0:00:01]} Ke8 {[%emt 0:00:01]} 38. Re7# {[%emt 0:00:01]} 1-0

[Event "RUS-ch Blitz Women 2018"]
[Site "Sochi"]
[Date "2018.10.07"]
[Round "19"]
[White "Shuvalova, Polina"]
[Black "Lysenko, Margarita"]
[Result "0-1"]
[WhiteElo "2421"]
[BlackElo "2122"]
[Annotator "NA"]
[PlyCount "164"]
[EventDate "2018.10.07"]
[EventType "swiss"]
[EventCountry "RUS"]
[SourceTitle "playchess.com"]
[Source "ChessBase"]
[SourceQuality "1"]
[TimeControl "180+2"]

1. e4 {[%emt 0:00:00]} Nf6 {[%emt 0:00:00]} 2. e5 {[%emt 0:00:00]} Nd5 {[%emt 0:00:00]} 3. d4 {[%emt 0:00:01]} d6 {[%emt 0:00:01]} 4. Nf3 {[%emt 0:00:00]} g6 {[%emt 0:00:01]} 5. exd6 cxd6 {[%emt 0:00:01]} 6. c4 {[%emt 0:00:04]} Nb6 {[%emt 0:00:01]} 7. Nc3 {[%emt 0:00:02]} Bg7 {[%emt 0:00:01]} 8. Be2 {[%emt 0:00:02]} O-O {[%emt 0:00:02]} 9. O-O {[%emt 0:00:02]} Bg4 {[%emt 0:00:09]} 10. b3 {[%emt 0:00:08]} Nc6 {[%emt 0:00:09]} 11. Be3 {[%emt 0:00:03]} d5 {[%emt 0:00:05]} 12. c5 {[%emt 0:00:06]} Nc8 {[%emt 0:00:01]} 13. h3 {[%emt 0:00:11]} Bxf3 {[%emt 0:00:03]} 14. Bxf3 {[%emt 0:00:01]} e6 {[%emt 0:00:01] B04: Alekhine's Defence: 4 Nf3} 15. Rb1 {[%emt 0:00:02]} N8e7 {[%emt 0:00:03]} 16. Bg4 $146 {[%emt 0:00:06]} ({Predecessor:} 16. Ne2 Nf5 17. Qd2 h5 18. Kh1 a5 19. a3 b5 20. g3 b4 21. a4 Qe7 22. Bg2 {½-½ (63) Zhao,C (2035)-Zeng,C (2549) China 2016}) 16... h5 {[%emt 0:00:05]} 17. Be2 {[%emt 0:00:01]} Nf5 {[%emt 0:00:03]} 18. Bd3 {[%emt 0:00:31]} Ncxd4 {[%emt 0:00:25]} 19. Ne2 {[%emt 0:00:09]} Nxe3 {[%emt 0:00:03]} 20. fxe3 {[%emt 0:00:02]} Nxe2+ {[%emt 0:00:22]} 21. Qxe2 {[%emt 0:00:01]} a5 {[%emt 0:00:04]} 22. Rbc1 {[%emt 0:00:05]} Rc8 {[%emt 0:00:05]} 23. a3 {[%emt 0:00:12]} Qg5 {[%emt 0:00:10]} 24. b4 {[%emt 0:00:08]} axb4 {[%emt 0:00:04]} 25. axb4 {[%emt 0:00:01]} Bh6 {[%emt 0:00:07]} 26. Rfe1 $19 {[%emt 0:00:09]} (26. Rce1 $17) 26... Qh4 {[%emt 0:00:06]} 27. Rc2 {[%emt 0:00:16]} Qxb4 {[%emt 0:00:09]} 28. Rec1 {[%emt 0:00:19]} d4 {[%emt 0:00:18]} 29. Rc4 {[%emt 0:00:01]} Qa5 {[%emt 0:00:05]} 30. Rxd4 {[%emt 0:00:05]} Rxc5 {[%emt 0:00:01]} 31. Rf1 {[%emt 0:00:16]} Re5 {[%emt 0:00:08]} 32. Rf3 {[%emt 0:00:12]} Qa1+ {[%emt 0:00:04]} 33. Kh2 {[%emt 0:00:01]} Rxe3 {[%emt 0:00:30]} 34. Rxe3 {[%emt 0:00:12]} Qxd4 {[%emt 0:00:03]} 35. Rf3 {[%emt 0:00:05]} Qd6+ {[%emt 0:00:03]} 36. g3 {[%emt 0:00:03]} Rd8 {[%emt 0:00:02]} 37. h4 {[%emt 0:00:02]} Qb4 {[%emt 0:00:21]} 38. Qc2 {[%emt 0:00:02]} Qd2+ {[%emt 0:00:04]} 39. Qxd2 {[%emt 0:00:03]} Bxd2 {[%emt 0:00:02]} 40. Kg2 {[%emt 0:00:01]} Bh6 {[%emt 0:00:05]} 41. Bb5 {[%emt 0:00:16]} b6 {[%emt 0:00:03]} 42. Rc3 {[%emt 0:00:04]} Bf8 {[%emt 0:00:03]} 43. Rc7 {[%emt 0:00:04]} Bc5 {[%emt 0:00:05]} 44. Rd7 {[%emt 0:00:11]} Ra8 {[%emt 0:00:02]} 45. Rd3 {[%emt 0:00:02]} Kg7 {[%emt 0:00:03]} 46. Kf3 {[%emt 0:00:00]} Ra5 {[%emt 0:00:02]} 47. Be8 {[%emt 0:00:02]} Ra8 {[%emt 0:00:02]} 48. Bc6 {[%emt 0:00:01]} Rc8 {[%emt 0:00:01]} 49. Bb5 {[%emt 0:00:01]} e5 {[%emt 0:00:03]} 50. Rd7 {[%emt 0:00:01]} Bd4 {[%emt 0:00:02]} 51. Ke4 {[%emt 0:00:01]} Rc5 {[%emt 0:00:04]} 52. Ba6 {[%emt 0:00:04]} Rc3 {[%emt 0:00:01]} 53. Bd3 {[%emt 0:00:05]} b5 {[%emt 0:00:02]} 54. Rb7 {[%emt 0:00:03]} Rc1 {[%emt 0:00:03]} 55. Rxb5 {[%emt 0:00:02]} Re1+ {[%emt 0:00:01]} 56. Kd5 {[%emt 0:00:02]} Re3 {[%emt 0:00:02]} 57. Bc4 {[%emt 0:00:01]} Rxg3 {[%emt 0:00:01]} 58. Rb7 {[%emt 0:00:01]} Rf3 {[%emt 0:00:01]} 59. Ke4 {[%emt 0:00:04]} Rf4+ {[%emt 0:00:02]} 60. Kd3 {[%emt 0:00:00]} Rf3+ {[%emt 0:00:03]} 61. Ke4 {[%emt 0:00:01]} Rf4+ {[%emt 0:00:01]} 62. Kd3 {[%emt 0:00:01]} Rf5 {[%emt 0:00:03]} 63. Bd5 {[%emt 0:00:01]} Bf2 {[%emt 0:00:03]} 64. Rb4 {[%emt 0:00:05]} Rf4 {[%emt 0:00:02]} 65. Rxf4 {[%emt 0:00:05]} exf4 {[%emt 0:00:01]} 66. Ke4 {[%emt 0:00:01]} Bxh4 {[%emt 0:00:02]} 67. Kxf4 {[%emt 0:00:01]} Be7 {[%emt 0:00:02]} 68. Bc4 {[%emt 0:00:01]} Bd6+ {[%emt 0:00:01]} 69. Ke4 {[%emt 0:00:01]} f6 {[%emt 0:00:01]} 70. Be6 {[%emt 0:00:02]} Kh6 {[%emt 0:00:02]} 71. Bf7 {[%emt 0:00:01]} f5+ {[%emt 0:00:02]} 72. Kf3 {[%emt 0:00:02]} g5 {[%emt 0:00:02]} 73. Be6 {[%emt 0:00:01]} Kg6 {[%emt 0:00:02]} 74. Bd7 {[%emt 0:00:01]} g4+ {[%emt 0:00:01]} 75. Ke3 {[%emt 0:00:01]} Kg5 {[%emt 0:00:01]} 76. Kf2 {[%emt 0:00:03]} h4 {[%emt 0:00:02]} 77. Kg2 {[%emt 0:00:01]} h3+ {[%emt 0:00:01]} 78. Kf2 {[%emt 0:00:00]} Bc5+ {[%emt 0:00:02]} 79. Kg3 {[%emt 0:00:01]} f4+ {[%emt 0:00:01]} 80. Kh2 {[%emt 0:00:01]} Kh4 {[%emt 0:00:03]} 81. Bc6 {[%emt 0:00:03]} g3+ {[%emt 0:00:03]} 82. Kh1 {[%emt 0:00:01]} g2+ {[%emt 0:00:01]} 0-1

[Event "RUS-ch Blitz Women 2018"]
[Site "Sochi"]
[Date "2018.10.07"]
[Round "19"]
[White "Voit, Daria"]
[Black "Bivol, Alina"]
[Result "0-1"]
[WhiteElo "2352"]
[BlackElo "2403"]
[Annotator "NA"]
[PlyCount "98"]
[EventDate "2018.10.07"]
[EventType "swiss"]
[EventCountry "RUS"]
[SourceTitle "playchess.com"]
[Source "ChessBase"]
[SourceQuality "1"]
[TimeControl "180+2"]

1. Nf3 {[%emt 0:00:00]} Nf6 {[%emt 0:00:00]} 2. c4 {[%emt 0:00:00]} g6 {[%emt 0:00:00]} 3. d4 {[%emt 0:00:00]} d6 {[%emt 0:00:00]} 4. Nc3 {[%emt 0:00:02]} Bg7 {[%emt 0:00:01]} 5. Bg5 {[%emt 0:00:01]} O-O {[%emt 0:00:04]} 6. e3 {[%emt 0:00:01]} c5 {[%emt 0:00:09] LiveBook: 449 Games} 7. Be2 {[%emt 0:00:19]} Qa5 {[%emt 0:00:09]} 8. O-O {[%emt 0:00:07]} Bg4 {[%emt 0:00:14] E61: King's Indian: Early deviations for White, including Smyslov System} 9. Nd2 $146 {[%emt 0:00:15]} ({Predecessor:} 9. Bxf6 exf6 10. h3 Be6 11. Nb5 Rd8 12. Qd2 Qxd2 13. Nxd2 a6 14. Nc7 Ra7 15. Ne4 b6 16. Nxe6 fxe6 {1-0 (40) Lechtynsky,J (2425)-Znamenacek,K (2325) Pribram 1997}) 9... Bxe2 {[%emt 0:00:10]} 10. Qxe2 {[%emt 0:00:01]} cxd4 {[%emt 0:00:02]} 11. exd4 {[%emt 0:00:02]} Qxg5 {[%emt 0:00:01]} 12. Nf3 {[%emt 0:00:06]} Qf5 {[%emt 0:00:10]} 13. Qxe7 {[%emt 0:00:03]} Qd7 {[%emt 0:00:02]} 14. Qe3 {[%emt 0:00:04]} Nc6 {[%emt 0:00:03]} 15. h3 {[%emt 0:00:08]} Rfe8 {[%emt 0:00:02]} 16. Qd2 {[%emt 0:00:01]} Ne4 {[%emt 0:00:04]} 17. Qd3 {[%emt 0:00:03]} Nxc3 {[%emt 0:00:19]} 18. bxc3 {[%emt 0:00:01]} b6 {[%emt 0:00:04]} 19. Qc2 {[%emt 0:00:06]} Na5 {[%emt 0:00:02]} 20. Nd2 {[%emt 0:00:04]} Rac8 {[%emt 0:00:04]} 21. Qd3 $19 {[%emt 0:00:07]} Qf5 {[%emt 0:00:03]} 22. Qxf5 {[%emt 0:00:05]} gxf5 {[%emt 0:00:01]} 23. Rfe1 {[%emt 0:00:02]} Kf8 {[%emt 0:00:08]} 24. g3 {[%emt 0:00:11]} Nxc4 {[%emt 0:00:02]} 25. Nf3 {[%emt 0:00:02]} Bf6 {[%emt 0:00:14]} 26. Kg2 {[%emt 0:00:04]} Na3 {[%emt 0:00:02]} 27. Rxe8+ {[%emt 0:00:08]} Kxe8 {[%emt 0:00:04]} 28. Re1+ {[%emt 0:00:04]} Kd7 {[%emt 0:00:03]} 29. Re3 {[%emt 0:00:02]} Nb5 {[%emt 0:00:04]} 30. g4 {[%emt 0:00:15]} fxg4 {[%emt 0:00:04]} 31. hxg4 {[%emt 0:00:02]} Rxc3 {[%emt 0:00:07]} 32. Re4 {[%emt 0:00:01]} Rd3 {[%emt 0:00:12]} 33. Rf4 {[%emt 0:00:02]} Ke7 {[%emt 0:00:20]} 34. g5 {[%emt 0:00:09]} Bxd4 {[%emt 0:00:04]} 35. Nh4 {[%emt 0:00:01]} Be5 {[%emt 0:00:07]} 36. Rb4 {[%emt 0:00:10]} Nd4 {[%emt 0:00:08]} 37. Rc4 {[%emt 0:00:06]} Kd7 {[%emt 0:00:06]} 38. a4 {[%emt 0:00:11]} a6 {[%emt 0:00:03]} 39. Rc1 {[%emt 0:00:02]} b5 {[%emt 0:00:01]} 40. axb5 {[%emt 0:00:01]} axb5 {[%emt 0:00:02]} 41. Ra1 {[%emt 0:00:11]} b4 {[%emt 0:00:03]} 42. Rf1 {[%emt 0:00:08]} Rd2 {[%emt 0:00:11]} 43. Kh3 {[%emt 0:00:02]} b3 {[%emt 0:00:03]} 44. f4 {[%emt 0:00:02]} Bg7 {[%emt 0:00:01]} 45. f5 {[%emt 0:00:05]} Be5 {[%emt 0:00:03]} 46. Kg4 {[%emt 0:00:07]} b2 {[%emt 0:00:02]} 47. Kh5 {[%emt 0:00:05]} Rc2 {[%emt 0:00:04]} 48. Rb1 {[%emt 0:00:03]} Nb3 {[%emt 0:00:02]} 49. Nf3 {[%emt 0:00:01]} Bc3 {[%emt 0:00:02]} 0-1

[Event "RUS-ch Blitz Women 2018"]
[Site "Sochi"]
[Date "2018.10.07"]
[Round "19"]
[White "Dordzhieva, Dinara"]
[Black "Maletina, Tatiana"]
[Result "1-0"]
[WhiteElo "2340"]
[BlackElo "2270"]
[Annotator "NA"]
[PlyCount "119"]
[EventDate "2018.10.07"]
[EventType "swiss"]
[EventCountry "RUS"]
[SourceTitle "playchess.com"]
[Source "ChessBase"]
[SourceQuality "1"]
[TimeControl "180+2"]

1. Nf3 {[%emt 0:00:08]} d5 {[%emt 0:00:02]} 2. g3 {[%emt 0:00:01]} Bg4 {[%emt 0:00:03]} 3. Bg2 {[%emt 0:00:00]} Nd7 4. d4 c6 {[%emt 0:00:04]} 5. h3 {[%emt 0:00:02]} Bh5 {[%emt 0:00:01]} 6. b3 {[%emt 0:00:01]} e6 {[%emt 0:00:01]} 7. c4 {[%emt 0:00:01]} f5 {[%emt 0:00:03]} 8. O-O {[%emt 0:00:07]} Ngf6 {[%emt 0:00:01]} 9. Ba3 {[%emt 0:00:02]} Bxa3 10. Nxa3 {[%emt 0:00:01]} O-O {[%emt 0:00:06]} 11. Nc2 {[%emt 0:00:31]} Ne4 {[%emt 0:00:01]} 12. Nce1 {[%emt 0:00:07]} Qf6 {[%emt 0:00:08]} 13. Rc1 {[%emt 0:00:01]} Rad8 {[%emt 0:00:03]} 14. Nd3 {[%emt 0:00:00]} Bxf3 {[%emt 0:00:30]} 15. exf3 {[%emt 0:00:01]} Nd6 {[%emt 0:00:00]} 16. Nf4 {[%emt 0:00:24]} dxc4 {[%emt 0:00:15]} 17. bxc4 {[%emt 0:00:01]} e5 {[%emt 0:00:01]} 18. dxe5 {[%emt 0:00:06]} Nxe5 {[%emt 0:00:01]} 19. Qb3 {[%emt 0:00:00]} Qf7 {[%emt 0:00:07]} 20. c5 {[%emt 0:00:16]} Nb5 {[%emt 0:00:15]} 21. Rfe1 {[%emt 0:00:21]} Rfe8 {[%emt 0:00:03]} 22. Qxf7+ {[%emt 0:00:34]} Kxf7 {[%emt 0:00:01]} 23. Rcd1 {[%emt 0:00:09]} Rxd1 {[%emt 0:00:08]} 24. Rxd1 {[%emt 0:00:01]} Nc3 {[%emt 0:00:03]} 25. Rd2 {[%emt 0:00:02]} Re7 {[%emt 0:00:23]} 26. Nd3 {[%emt 0:00:14]} Nxd3 {[%emt 0:00:12]} 27. Rxd3 {[%emt 0:00:01]} Ne2+ {[%emt 0:00:08]} 28. Kh2 {[%emt 0:00:01]} f4 {[%emt 0:00:02]} 29. Bf1 {[%emt 0:00:04]} g5 {[%emt 0:00:17]} 30. Rd2 {[%emt 0:00:09]} Nc3 {[%emt 0:00:01]} 31. Bc4+ {[%emt 0:00:01]} Kf6 {[%emt 0:00:03]} 32. Rd6+ {[%emt 0:00:02]} Ke5 {[%emt 0:00:04]} 33. Rd2 {[%emt 0:00:04]} Na4 {[%emt 0:00:06]} 34. h4 {[%emt 0:00:25]} h6 {[%emt 0:00:02]} 35. Re2+ {[%emt 0:00:05]} Kf6 {[%emt 0:00:01]} 36. Rd2 {[%emt 0:00:00]} gxh4 {[%emt 0:00:07]} 37. gxh4 {[%emt 0:00:04]} Nxc5 {[%emt 0:00:02]} 38. Rd6+ {[%emt 0:00:00]} Kg7 {[%emt 0:00:01]} 39. h5 {[%emt 0:00:01]} b5 {[%emt 0:00:14]} 40. Rg6+ {[%emt 0:00:07]} Kh7 {[%emt 0:00:02]} 41. Bg8+ {[%emt 0:00:01]} Kh8 {[%emt 0:00:02]} 42. Rxc6 {[%emt 0:00:00]} Nd3 {[%emt 0:00:05]} 43. Bb3 {[%emt 0:00:02]} Ne5 {[%emt 0:00:05]} 44. Rxh6+ {[%emt 0:00:01]} Kg7 {[%emt 0:00:00]} 45. Ra6 {[%emt 0:00:02]} Nxf3+ {[%emt 0:00:02]} 46. Kg2 {[%emt 0:00:00]} Ng5 {[%emt 0:00:03]} 47. h6+ {[%emt 0:00:02]} Kh8 {[%emt 0:00:01]} 48. Rc6 {[%emt 0:00:02]} Nf7 {[%emt 0:00:14]} 49. Bc2 {[%emt 0:00:01]} Re8 {[%emt 0:00:03]} 50. Rc7 {[%emt 0:00:07]} Nxh6 51. Rh7+ Kg8 52. Rxh6 Re2 {[%emt 0:00:15]} 53. Bb3+ {[%emt 0:00:01]} Kg7 {[%emt 0:00:01]} 54. Ra6 {[%emt 0:00:01]} Re7 {[%emt 0:00:01]} 55. Ra5 {[%emt 0:00:01]} Rb7 {[%emt 0:00:03]} 56. Kf3 {[%emt 0:00:01]} Kf6 {[%emt 0:00:00]} 57. Kxf4 {[%emt 0:00:01]} Rh7 {[%emt 0:00:02]} 58. Ra6+ {[%emt 0:00:00]} Kg7 {[%emt 0:00:03]} 59. Rxa7+ Kh6 {[%emt 0:00:01]} 60. Rxh7+ {[%emt 0:00:03]} 1-0

[Event "RUS-ch Blitz Women 2018"]
[Site "Sochi"]
[Date "2018.10.07"]
[Round "19"]
[White "Guseva, Marina"]
[Black "Charochkina, Daria"]
[Result "0-1"]
[WhiteElo "2292"]
[BlackElo "2344"]
[Annotator "NA"]
[PlyCount "140"]
[EventDate "2018.10.07"]
[EventType "swiss"]
[EventCountry "RUS"]
[SourceTitle "playchess.com"]
[Source "ChessBase"]
[SourceQuality "1"]
[TimeControl "180+2"]

1. d4 {[%emt 0:00:00]} f5 {[%emt 0:00:00]} 2. g3 {[%emt 0:00:02]} Nf6 {[%emt 0:00:00]} 3. Bg2 {[%emt 0:00:01]} e6 {[%emt 0:00:00]} 4. c4 {[%emt 0:00:03]} d5 {[%emt 0:00:01]} 5. b3 {[%emt 0:00:01]} c6 {[%emt 0:00:01]} 6. Nh3 $11 {[%emt 0:00:01] LiveBook: 17 Partien} Bd6 {[%emt 0:00:04]} 7. O-O {[%emt 0:00:03]} O-O {[%emt 0:00:09]} 8. Ba3 {[%emt 0:00:17]} b6 {[%emt 0:00:02]} 9. Bxd6 {[%emt 0:00:01]} Qxd6 {[%emt 0:00:01]} 10. Nd2 {[%emt 0:00:02]} Nbd7 {[%emt 0:00:02]} 11. Nf4 {[%emt 0:00:10]} Bb7 {[%emt 0:00:08]} 12. e3 {[%emt 0:00:02]} g5 {[%emt 0:00:12]} 13. Nd3 {[%emt 0:00:10]} g4 {[%emt 0:00:13]} 14. cxd5 {[%emt 0:00:11]} exd5 {[%emt 0:00:10]} 15. Nf4 {[%emt 0:00:02]} Rf7 {[%emt 0:00:08]} 16. Rc1 {[%emt 0:00:05]} Re8 {[%emt 0:00:27]} 17. Qc2 {[%emt 0:00:04]} Ne4 {[%emt 0:00:04]} 18. Nxe4 {[%emt 0:00:15]} fxe4 {[%emt 0:00:02]} 19. Qe2 {[%emt 0:00:08]} Rg7 {[%emt 0:00:06]} 20. h4 {[%emt 0:00:11]} gxh3 {[%emt 0:00:14]} 21. Bxh3 {[%emt 0:00:02]} Kh8 {[%emt 0:00:06]} 22. Kg2 {[%emt 0:00:02]} Reg8 {[%emt 0:00:02]} 23. Rh1 {[%emt 0:00:04]} Bc8 {[%emt 0:00:17]} 24. Be6 {[%emt 0:00:15]} Re8 {[%emt 0:00:06]} 25. Rh6 {[%emt 0:00:21]} Nf8 {[%emt 0:00:03]} 26. Qh5 {[%emt 0:00:18]} Rxe6 {[%emt 0:00:12]} 27. Nxe6 {[%emt 0:00:02]} Bxe6 {[%emt 0:00:03]} 28. Qe8 {[%emt 0:00:04]} Bf7 {[%emt 0:00:17]} 29. Rxd6 {[%emt 0:00:05]} Bxe8 {[%emt 0:00:00]} 30. Rd8 {[%emt 0:00:01]} Re7 {[%emt 0:00:03]} 31. b4 {[%emt 0:00:07]} b5 {[%emt 0:00:05]} 32. a4 {[%emt 0:00:03]} a6 {[%emt 0:00:18]} 33. axb5 {[%emt 0:00:01]} axb5 {[%emt 0:00:00]} 34. Ra1 {[%emt 0:00:01]} Kg8 {[%emt 0:00:01]} 35. Raa8 {[%emt 0:00:06]} Kf7 {[%emt 0:00:01]} 36. Ra1 {[%emt 0:00:15]} Ne6 {[%emt 0:00:02]} 37. Rc8 {[%emt 0:00:06]} Ng5 {[%emt 0:00:03]} 38. Rca8 {[%emt 0:00:04]} Bd7 {[%emt 0:00:05]} 39. R1a7 {[%emt 0:00:03]} Bh3+ {[%emt 0:00:09]} 40. Kh2 {[%emt 0:00:02]} Be6 {[%emt 0:00:05]} 41. Rxe7+ {[%emt 0:00:04]} Kxe7 {[%emt 0:00:00]} 42. Ra7+ {[%emt 0:00:02]} Bd7 {[%emt 0:00:07]} 43. g4 {[%emt 0:00:05]} Nf3+ {[%emt 0:00:01]} 44. Kg3 {[%emt 0:00:01]} Ne1 {[%emt 0:00:01]} 45. Ra1 {[%emt 0:00:07]} Nc2 {[%emt 0:00:07]} 46. Rh1 {[%emt 0:00:01]} Nxb4 {[%emt 0:00:02]} 47. Rxh7+ {[%emt 0:00:01]} Kd6 {[%emt 0:00:01]} 48. f4 {[%emt 0:00:03]} exf3 {[%emt 0:00:04]} 49. Kxf3 {[%emt 0:00:01]} Nc2 {[%emt 0:00:04]} 50. Rh2 {[%emt 0:00:02]} Na3 {[%emt 0:00:02]} 51. g5 {[%emt 0:00:05]} b4 {[%emt 0:00:03]} 52. Rb2 {[%emt 0:00:01]} c5 {[%emt 0:00:04]} 53. dxc5+ {[%emt 0:00:01]} Kxc5 {[%emt 0:00:00]} 54. g6 {[%emt 0:00:02]} Kc4 {[%emt 0:00:02]} 55. g7 {[%emt 0:00:02]} Be6 {[%emt 0:00:01]} 56. Kf4 {[%emt 0:00:03]} Kc3 {[%emt 0:00:01]} 57. Rh2 {[%emt 0:00:04]} b3 {[%emt 0:00:02]} 58. Ke5 {[%emt 0:00:03]} Bf7 {[%emt 0:00:02]} 59. Kf6 {[%emt 0:00:01]} Bg8 {[%emt 0:00:02]} 60. Rh8 {[%emt 0:00:01]} b2 {[%emt 0:00:01]} 61. Rxg8 {[%emt 0:00:01]} b1=Q {[%emt 0:00:01]} 62. Rc8+ {[%emt 0:00:01]} Nc4 {[%emt 0:00:02]} 63. g8=Q {[%emt 0:00:03]} Qf1+ {[%emt 0:00:02]} 64. Ke7 {[%emt 0:00:02]} Qf5 {[%emt 0:00:06]} 65. Qe6 {[%emt 0:00:04]} Qd3 {[%emt 0:00:03]} 66. Rc5 {[%emt 0:00:04]} Qh7+ {[%emt 0:00:03]} 67. Kd8 {[%emt 0:00:03]} Qh8+ {[%emt 0:00:02]} 68. Kc7 {[%emt 0:00:02]} Qg7+ {[%emt 0:00:01]} 69. Kd8 {[%emt 0:00:08]} Qf8+ {[%emt 0:00:01]} 70. Kd7 {[%emt 0:00:01]} Qxc5 {[%emt 0:00:00]} 0-1

[Event "RUS-ch Blitz Women 2018"]
[Site "Sochi"]
[Date "2018.10.07"]
[Round "19"]
[White "Maltsevskaya, Aleksandra"]
[Black "Kashlinskaya, Alina"]
[Result "0-1"]
[WhiteElo "2290"]
[BlackElo "2447"]
[Annotator "NA"]
[PlyCount "80"]
[EventDate "2018.10.07"]
[EventType "swiss"]
[EventCountry "RUS"]
[SourceTitle "playchess.com"]
[Source "ChessBase"]
[SourceQuality "1"]
[TimeControl "180+2"]

1. Nf3 {[%emt 0:00:00]} Nf6 {[%emt 0:00:00]} 2. g3 {[%emt 0:00:01]} d5 {[%emt 0:00:00]} 3. Bg2 {[%emt 0:00:02]} Bg4 {[%emt 0:00:01]} 4. O-O {[%emt 0:00:02]} c6 {[%emt 0:00:01]} 5. d3 {[%emt 0:00:08]} Nbd7 {[%emt 0:00:03] LiveBook: 2109 Games} 6. Nbd2 {[%emt 0:00:02]} e5 {[%emt 0:00:01]} 7. h3 {[%emt 0:00:03]} Bh5 {[%emt 0:00:02]} 8. e4 {[%emt 0:00:02]} dxe4 {[%emt 0:00:02]} 9. dxe4 {[%emt 0:00:01]} Bc5 {[%emt 0:00:01]} 10. c3 {[%emt 0:00:02]} a5 {[%emt 0:00:02] A07: Réti Opening: New York and Capablanca Systems} (10... O-O 11. Qc2 a5 12. a4 Bxf3 13. Nxf3 Qc7 14. Bd2 Rfe8 15. b4 Bf8 16. Rab1 c5 17. bxa5 Rxa5 18. c4 {0-1 (46) Golubov,S (2481)-Pridorozhni,A (2579) St Petersburg 2016}) 11. Qe2 {[%emt 0:00:08]} O-O {[%emt 0:00:02]} 12. Rd1 {[%emt 0:00:01]} Qc7 {[%emt 0:00:05]} 13. Nf1 {[%emt 0:00:03]} a4 $146 {[%emt 0:00:08]} ({Predecessor:} 13... Rfd8 14. g4 Bg6 15. Ng3 Nf8 16. Bg5 Be7 17. h4 h6 18. Bxf6 Bxf6 19. g5 hxg5 20. hxg5 Be7 21. Bh3 Rxd1+ 22. Rxd1 Rd8 23. Rxd8 Qxd8 {½-½ (23) Milligan,T-Mannion,S St Andrews 1981}) 14. g4 {[%emt 0:00:13]} Bg6 {[%emt 0:00:01]} 15. Nh4 {[%emt 0:00:02]} b5 {[%emt 0:00:29]} 16. Nf5 {[%emt 0:00:01]} Rfe8 {[%emt 0:00:12]} 17. N1g3 {[%emt 0:00:11]} Nb6 {[%emt 0:00:06] [#]} 18. h4 {[%emt 0:00:13]} (18. g5 $1 $16 {[%cal Rg5f6]} Nfd7 19. h4) 18... Nc4 {[%emt 0:00:12]} (18... Bxf5 $11 19. Nxf5 Nfd7) 19. g5 {[%emt 0:00:15]} Nd7 {[%emt 0:00:07]} 20. h5 {[%emt 0:00:01]} Bxf5 {[%emt 0:00:01]} 21. exf5 {[%emt 0:00:01]} e4 {[%emt 0:00:07]} 22. Nxe4 {[%emt 0:00:08]} Bb6 {[%emt 0:00:09]} 23. g6 $11 {[%emt 0:00:04]} ({Better is} 23. Qg4 $18 Nde5 24. Qg3) 23... Nc5 {[%emt 0:00:06]} 24. gxh7+ {[%emt 0:00:13]} Kh8 {[%emt 0:00:11]} 25. Qg4 {[%emt 0:00:18]} Nxe4 {[%emt 0:00:02]} 26. Bxe4 {[%emt 0:00:01]} f6 {[%emt 0:00:41]} 27. Bg2 {[%emt 0:00:22]} Ne5 {[%emt 0:00:25]} 28. Qh4 {[%emt 0:00:02]} Kxh7 {[%emt 0:00:06]} 29. Bf4 {[%emt 0:00:02]} Qf7 {[%emt 0:00:17]} 30. Rd6 {[%emt 0:00:20]} Rad8 {[%emt 0:00:03]} 31. Rad1 {[%emt 0:00:08]} Rxd6 {[%emt 0:00:01]} 32. Rxd6 {[%emt 0:00:01]} Qe7 {[%emt 0:00:14]} 33. Re6 {[%emt 0:00:10]} Qd7 {[%emt 0:00:02]} 34. h6 {[%emt 0:00:01]} g5 {[%emt 0:00:02]} 35. fxg6+ {[%emt 0:00:03]} Nxg6 {[%emt 0:00:01]} 36. Qxf6 {[%emt 0:00:22]} Rxe6 {[%emt 0:00:01]} 37. Qg5 {[%emt 0:00:02]} Nxf4 {[%emt 0:00:02]} 38. Qxf4 {[%emt 0:00:03]} Qd1+ {[%emt 0:00:01]} 39. Kh2 {[%emt 0:00:03]} Rxh6+ {[%emt 0:00:01]} 40. Bh3 {[%emt 0:00:03]} Qd6 {[%emt 0:00:01]} 0-1